000 00360nam a22001577a 4500
003 MPLRDC
005 20220104114653.0
008 210129b ||||| |||| 00| 0 eng d
082 _a290.7 XDX
100 _a萧德宣编
245 _a命和运新论
_c
260 _a
_b同兴出版社
_c
300 _b
650 _a术数总论
942 _cBK
_o290.7 XDX
999 _c9301
_d9291